LIBRARY & INFORMATION CENTRE, KCAET, TAVANUR

ONLINE PUBLIC ACCESS CATALOGUE (OPAC)

Assessment of water availability and irrigation scheduling of right bank canal of Chalakudy river diversion scheme (Record no. 15113)

MARC details
000 -LEADER
fixed length control field 01131nam a22001817a 4500
003 - CONTROL NUMBER IDENTIFIER
control field OSt
088 ## - REPORT NUMBER
Report number P 308
100 ## - MAIN ENTRY--AUTHOR NAME
Personal name ANJANA K
-- JITHU MARY VARUGHESE
-- VIVEKANAND VIDYARTHI
245 ## - TITLE STATEMENT
Title Assessment of water availability and irrigation scheduling of right bank canal of Chalakudy river diversion scheme
260 ## - PUBLICATION, DISTRIBUTION, ETC. (IMPRINT)
Place of publication Tavanur 2015
Name of publisher Department of Irrigation & Drainage Engineering
300 ## - PHYSICAL DESCRIPTION
Number of Pages 89
500 ## - GENERAL NOTE
General note Assessment of water availability and irrigation scheduling of right bank canal of Chalakudy river diversion scheme
520 ## - SUMMARY, ETC.
Summary, etc This study was done to evaluate the performance of canal supply of the RBC of CRDS. In particular, this study deals with the comparison of crop water requirement and irrigation scheduling of the proposed and present cropping pattern in the command area of the RBC, the computation of scheme supply for the proposed and present cropping pattern and thereby to estimate the adequacy of the canal supply system.
700 ## - ADDED ENTRY--PERSONAL NAME
Personal name Dr. Rema K. P (Guide)
856 ## - ELECTRONIC LOCATION AND ACCESS
Uniform Resource Identifier https://drive.google.com/open?id=1ow9v0_7dA00tV-TxQQc4IogIbHbMHHWF
942 ## - ADDED ENTRY ELEMENTS (KOHA)
Koha item type Project Report
Holdings
Collection code Home library Current library Shelving location Full call number Accession Number Koha item type
Reference KAUAET KAUAET Reference 631.587 ANJ/AS P 308 Project Report
free website counter